000 00556nam a22002057a 4500
003 OSt
005 20140310183011.0
008 130211t xxu||||| |||| 00| 0 eng d
020 _a971230440
050 _aGV 133.P6
_b.An24 2005
100 _aAndin, Carmen T.
245 _aTeaching physical education in Philippine schools /
_cCarmen Tabije Andin.
260 _aMetro Manila ;
_b National Book Store,
_c2005.
300 _a255 p. :
_b ill. ;
_c23 cm.
521 _aEDU
562 _e2
942 _2lcc
_cBK
_kLOC
999 _c18250
_d18250